| 000 | 01091 a2200325 4500 | ||
|---|---|---|---|
| 001 | 200421858 | ||
| 999 |
_c200421858 _d41758 |
||
| 003 | TR-AnTOB | ||
| 005 | 20240907073856.0 | ||
| 008 | 161209s tu 000 0b | ||
| 020 | _a9789754426748 | ||
| 040 |
_aTR-AnTOB _btur _erda |
||
| 041 | 0 | _atur | |
| 050 | 0 | 0 |
_aPL248.P44 _bZ6475 2015 |
| 090 | _aPL248.P44 Z6475 2015 | ||
| 100 | 1 |
_aGürel, Nazlı Rana _9105770 |
|
| 245 | 1 | 0 |
_aİbrahim Edhem Pertev Paşa : _bErzurum'un yüzleri / _cNazlı Rana Gürel ; editör H. Ahmet Kırkkılıç. |
| 264 |
_aErzurum: _bAtatürk Üniversitesi Yayınları, _c2015 |
||
| 300 |
_a76 s. ; _c30 cm. |
||
| 336 |
_atext _2rdacontent |
||
| 337 |
_aunmediated _2rdamedia |
||
| 338 |
_avolume _2rdacarrier |
||
| 600 |
_aPertev Paşa, _d1824-1872 _9105771 |
||
| 650 | 0 | 0 |
_aPoets, Turkish _y19th century _9102159 |
| 650 | 0 | 0 |
_aŞairler, Türk _y19. yüzyıl _9102158 |
| 651 | 0 |
_aErzurum İli (Turkey) _vBiography _9105711 |
|
| 651 |
_aErzurum İli (Türkiye) _vBiyografi _9105743 |
||
| 700 | 1 |
_aKırkkılıç, H. Ahmet _9105772 |
|
| 942 | _cBK | ||